Resolución de los contratos por incumplimiento (Registro nro. 3499)

Detalles MARC
000 -LEADER
fixed length control field 01114 a2200229 4500
001 - CONTROL NUMBER
control field 41403
005 - DATE AND TIME OF LATEST TRANSACTION
control field 20260407155708.0
008 - FIXED-LENGTH DATA ELEMENTS--GENERAL INFORMATION
fixed length control field 260407a1986 arg spa d
003 - CONTROL NUMBER IDENTIFIER
control field AR-UNSa-BCEJYS
040 ## - CATALOGING SOURCE
Original cataloging agency AR-UNSa-BCEJYS
Language of cataloging spa
Transcribing agency AR-UNSa-BCEJYS
080 ## - UNIVERSAL DECIMAL CLASSIFICATION NUMBER
Universal Decimal Classification number 347.44
Common auxiliary subdivision Contratos en general. Obligaciones
020 ## - INTERNATIONAL STANDARD BOOK NUMBER
International Standard Book Number 950-14-0315-7
041 ## - LANGUAGE CODE
Language code of text/sound track or separate title spa
100 1# - MAIN ENTRY--PERSONAL NAME
Personal name Miquel, Juan Luis
245 10 - TITLE STATEMENT
Title Resolución de los contratos por incumplimiento
250 ## - EDITION STATEMENT
Edition statement 2a. ed.
264 #1 - PRODUCTION, PUBLICATION, DISTRIBUTION, MANUFACTURE, AND COPYRIGHT NOTICE
Place of production, publication, distribution, manufacture Buenos Aires :
Name of producer, publisher, distributor, manufacturer Ediciones Depalma
Date of production, publication, distribution, manufacture, or copyright notice 1986
300 ## - PHYSICAL DESCRIPTION
Extent xiii, 381 p.
Dimensions 23 cm.
505 ## - FORMATTED CONTENTS NOTE
Formatted contents note 1. Preliminares - 2. Análisis de conceptos - 3. Resolución por incumplimiento. Antecedentes - 4. Concepto, fundamento, naturaleza y función de la resolución por incumplimiento - 5. Presupuestos de la resolución por incumplimiento - 6. Mecanismo para la resolución extrajudicial por autoridad del acreedor - 7. Pacto comisorio expreso - 8. El problema de la opción - 9. La resolución judicial - 10. Efectos de la resolución - 11. Casos especiales - 12. Conclusiones
590 ## - LOCAL NOTE (RLIN)
Local note niveau_biblio:m niveau_hierar:0
942 ## - ADDED ENTRY ELEMENTS (KOHA)
Koha item type
Existencias
Withdrawn status Lost status Damaged status Not for loan Home library Current library Shelving location Date acquired Total checkouts Full call number Barcode Date last seen Price effective from Koha item type
        Biblioteca Prof. Eusebio Cleto del Rey Biblioteca Prof. Eusebio Cleto del Rey   07/04/2026   347.44 M618 2ed. L119078 07/04/2026 07/04/2026 Libro